| 000 | 00482nam a2200169Ia 4500 | ||
|---|---|---|---|
| 008 | 230917s9999||||xx |||||||||||||| ||und|| | ||
| 020 | _cRS695 | ||
| 040 |
_e252892 _aMAIN |
||
| 041 | _aEnglish | ||
| 082 | _a658.8 B227M | ||
| 100 | _aBansal, Sanjeev, ed. | ||
| 245 | 0 | _aMarketing mosaic: Elements driving consumers and business | |
| 260 |
_aNew Delhi _bManakin Press _c2017 |
||
| 300 | _aviii, 284 p. | ||
| 500 | _a3392 02/01/2019 RK19/2832 12/01/2019 Main Budget | ||
| 942 | _cBK | ||
| 999 |
_c29787 _d29787 |
||